Награды Наполеона I в собрании Исторического музея (Запись № 13216714)

Подробности
000 -МАРКЕР
контрольное поле 02246nam0a2200445 4500
001 - ИДЕНТИФИКАТОР ЗАПИСИ
контрольное поле RU\NLR\BIBL_A\021952686
005 - ИДЕНТИФИКАТОР ВЕРСИИ
контрольное поле 20260407082236.0
010 ## - МЕЖДУНАРОДНЫЙ СТАНДАРТНЫЙ НОМЕР КНИГИ (ISBN)
Номер (ISBN) 978-5-89076-200-9
Тираж 500
035 ## - ДРУГИЕ СИСТЕМНЫЕ НОМЕРА
Идентификатор записи (NLR Aleph) 021952686
100 ## - ДАННЫЕ ОБЩЕЙ ОБРАБОТКИ
Данные общей обработки 20230601d2012 |||y0rusy50 ca
101 0# - ЯЗЫК РЕСУРСА
Язык текста, звукозаписи и т.д. русский
-- английский
102 ## - СТРАНА ПУБЛИКАЦИИ ИЛИ ПРОИЗВОДСТВА
Страна публикации Российская Федерация
105 ## - ПОЛЕ КОДИРОВАННЫХ ДАННЫХ: ТЕКСТОВЫЕ МАТЕРИАЛЫ, МОНОГРАФИЧЕСКИЕ
Кодированные данные о монографическом текстовом документе acb b 000zy
181 #0 - ПОЛЕ КОДИРОВАННЫХ ДАННЫХ: ВИД СОДЕРЖАНИЯ
Код вида содержания (ISBD) i3
Код характеристики содержания (ISBD) axxe
181 #0 - ПОЛЕ КОДИРОВАННЫХ ДАННЫХ: ВИД СОДЕРЖАНИЯ
Код вида содержания (ISBD) b2
Код характеристики содержания (ISBD) xb2e
182 #0 - ПОЛЕ КОДИРОВАННЫХ ДАННЫХ: ТИП СРЕДСТВА
Код типа средства (ISBD) n - непосредственное
200 1# - ЗАГЛАВИЕ И СВЕДЕНИЯ ОБ ОТВЕТСТВЕННОСТИ
Основное заглавие Награды Наполеона I в собрании Исторического музея
Параллельное заглавие Decorations of Napoleon I in the Collection of the State Historical Museum
Сведения, относящиеся к заглавию [каталог]
Первые сведения об ответственности Сергей Левин
Последующие сведения об ответственности Государственный исторический музей
Язык параллельного заглавия английский
203 ## - ВИД СОДЕРЖАНИЯ И ТИП СРЕДСТВА
Вид содержания Текст
-- Изображение
Дополнительные сведения об издании визуальные
Тип средства непосредственные
210 ## - ПУБЛИКАЦИЯ, РАСПРОСТРАНЕНИЕ И ДР.
Место издания, распространения и т.д. Москва
Имя издателя, распространителя и т. д. ГИМ
Дата издания, распространения и т.д. 2012
215 ## - ФИЗИЧЕСКАЯ ХАРАКТЕРИСТИКА
Специфическое обозначение материала и объем 95 с.
Другие сведения о физической характеристике ил., цв. ил., портр., карта
Размеры 31
300 ## - ОБЩИЕ ПРИМЕЧАНИЯ
Текст примечания На обл. авт. не указан
300 ## - ОБЩИЕ ПРИМЕЧАНИЯ
Текст примечания Часть текста парал.: рус., англ.
320 ## - ПРИМЕЧАНИЯ О НАЛИЧИИ В ДОКУМЕНТЕ БИБЛИОГРАФИИ / УКАЗАТЕЛЯ
Текст примечания Библиогр. в подстроч. примеч.
510 1# - ПАРАЛЛЕЛЬНОЕ ЗАГЛАВИЕ
Связь между полями z11790
Параллельное заглавие Decorations of Napoleon I in the Collection of the State Historical Museum
Язык заглавия английский
600 #0 - ИМЯ ЛИЦА КАК ПРЕДМЕТ
Начальный элемент ввода Наполеон
Дополнения к именам, кроме дат император французский
Римские цифры I
Даты 1769 - 1821
Системный номер авторитетной/нормативной записи 897604
Идентификатор авторитетной/нормативной записи RU\NLR\AUTH\66325834
606 1# - НАИМЕНОВАНИЕ ТЕМЫ КАК ПРЕДМЕТ
Наименование темы Ордена и награды
Формальный подзаголовок Каталоги
Географический подзаголовок Франция
Системный номер авторитетной/нормативной записи 2556439
Идентификатор авторитетной/нормативной записи RU\NLR\AUTH\6601725139
606 1# - НАИМЕНОВАНИЕ ТЕМЫ КАК ПРЕДМЕТ
Наименование темы Ордена и награды
Формальный подзаголовок Каталоги
Географический подзаголовок Европейские страны
Системный номер авторитетной/нормативной записи 2609878
Идентификатор авторитетной/нормативной записи RU\NLR\AUTH\661546436
686 1# - ИНДЕКСЫ ДРУГИХ КЛАССИФИКАЦИЙ
Индекс Т226(0)5л611
686 1# - ИНДЕКСЫ ДРУГИХ КЛАССИФИКАЦИЙ
Индекс Т226(4Фр)л611
686 1# - ИНДЕКСЫ ДРУГИХ КЛАССИФИКАЦИЙ
Индекс Т3(4Фр)512-8
686 1# - ИНДЕКСЫ ДРУГИХ КЛАССИФИКАЦИЙ
Индекс Ц35(0)52-424дНаполеон
700 #1 - ИМЯ ЛИЦА - ПЕРВИЧНАЯ ОТВЕТСТВЕННОСТЬ
Материалы, к которым относится поле rus
Графика поля Кириллица
Начальный элемент ввода Левин
Часть имени, кроме начального элемента ввода С. С.
Дополнения к именам, кроме дат канд. ист. наук
Расширение инициалов личного имени Сергей Семенович
Идентификатор авторитетной/нормативной записи RU\NLR\AUTH\7726802
Системный номер авторитетной/нормативной записи 9840
711 02 - НАИМЕНОВАНИЕ ОРГАНИЗАЦИИ - АЛЬТЕРНАТИВНАЯ ОТВЕТСТВЕННОСТЬ
Начальный элемент ввода Государственный исторический музей
Идентифицирующий признак Москва
Идентификатор авторитетной/нормативной записи RU\NLR\AUTH\888178
Системный номер авторитетной/нормативной записи 288698
790 #1 - ИМЯ ЛИЦА - АЛЬТЕРНАТИВНАЯ ФОРМА
Графика поля Латинская
Материалы, к которым относится поле rus
Начальный элемент ввода Levin
Часть имени, кроме начального элемента ввода S. S.
Дополнения к именам, кроме дат канд. ист. наук
Расширение инициалов личного имени Sergej Semenovič
Системный номер авторитетной/нормативной записи 256671
Идентификатор авторитетной/нормативной записи RU\NLR\AUTH\770256727
942 ## - ДОПОЛНИТЕЛЬНЫЕ ЭЛЕМЕНТЫ ЗАПИСИ (АБИС)
Тип экземпляра АБИС Книга
980 ## - КОЛЛЕКЦИЯ
Название коллекции Национальная библиография
Экземпляры
Тип экземпляра Дата поступления Источник поступления Стоимость Библиотека постоянного хранения Библиотека текущего хранения Место хранения Шифр хранения Штрих-код Статус экземпляра Нумерация / хронология для периодики
Книга 01.06.2023 Покупка СТ 2200.00 РНБ (Московский) РНБ (Московский) Русский книжный фонд: издания с 1957 года 2023-9/225 1-4058900   2020